000 00652nam a2200205 i 4500
001 128537
003 ES-MaACL
005 20260428194217.0
007 t|
008 070517s1986 fr ||||1| fre d
020 _a2-07-070627-3
080 _a821.133.-31"18"
100 _aTadiƩ, Jean-Yves,
_d1936-
_9239059
245 1 0 _aProust et le roman
_b: essai sur les formes et techniques du roman dans A la recherche du temps perdu /
_cJean-Yves TadiƩ.
260 _aParis :
_bGallimard,
_c1986.
300 _a461 p. ;
_c19 cm.
600 1 4 _aProust, Marcel,
_d1871-1922
_994056
852 _aES-MaACL
_jL-12341
_bR.115416
999 _c128537
_d128537